20 năm từ số 1đến số 236 /

Đã lưu trong:
Sonraí Bibleagrafaíochta
Príomhúdar: Nông Quốc Bình.
Formáid: Bài viết
Teanga:Vietnamese
Ábhair:
Clibeanna: Cuir Clib Leis
Gan Chlibeanna, Bí ar an gcéad duine leis an taifead seo a chlibeáil!
Thư viện lưu trữ: Thư viện Trường Đại học Đà Lạt
LEADER 00768nam a2200277 4500
001 DLU140162809
005 ##20140705
040 # # |a DLU  |b vie 
041 # # |a vie 
044 # # |a vn 
100 # # |a Nông Quốc Bình. 
245 # # |a 20 năm từ số 1đến số 236 /  |c Nông Quốc Bình. 
653 # # |a Phát hành báo chí 
653 # # |a Phát triển 
653 # # |a Tạp chí 
653 # # |a Văn hóa dân tộc 
773 # # |t Văn hóa các dân tộc  |g Số 11(237), 2013, tr. 1-2 
920 # # |a Phòng Tạp chí -- Trung tâm Thông tin - Thư viện Trường Đại học Đà Lạt 
994 # # |a DLU 
900 # # |a True 
911 # # |a Nguyễn Huyền Anh 
925 # # |a G 
926 # # |a A 
927 # # |a BB 
980 # # |a Thư viện Trường Đại học Đà Lạt